[Event "D14blitz"]
[Site "?"]
[Date "2020.08.27"]
[Round "8.3"]
[White "Obrochta, Lena"]
[Black "Tokarz, Izabela"]
[Result "0-1"]
[BlackElo "1504"]
[WhiteElo "1517"]
[LiveChessVersion "1.4.4"]

1. e4 {[%clk 0:03:03]} c5 {[%clk 0:03:03]} 2. Nf3 {[%clk 0:03:04]} Nc6
{[%clk 0:03:04]} 3. d4 {[%clk 0:03:06]} cxd4 {[%clk 0:03:05]} 4. Nxd4
{[%clk 0:03:07]} e5 {[%clk 0:03:06]} 5. Nb5 {[%clk 0:03:06]} d6 {[%clk 0:03:07]}
6. N1a3 {[%clk 0:02:49]} a6 {[%clk 0:03:04]} 7. Nc3 {[%clk 0:02:50]} Be6
{[%clk 0:03:02]} 8. Nd5 {[%clk 0:02:46]} Rb8 {[%clk 0:02:34]} 9. c4
{[%clk 0:02:45]} Nd4 {[%clk 0:02:31]} 10. Be3 {[%clk 0:02:41]} Nc6
{[%clk 0:02:19]} 11. Nc2 {[%clk 0:02:32]} Nf6 {[%clk 0:02:13]} 12. Bd3
{[%clk 0:02:33]} Be7 {[%clk 0:02:12]} 13. O-O {[%clk 0:02:30]} O-O
{[%clk 0:02:12]} 14. a4 {[%clk 0:02:23]} Ng4 {[%clk 0:01:59]} 15. Bb6
{[%clk 0:02:10]} Qd7 {[%clk 0:01:55]} 16. h3 {[%clk 0:02:11]} Nf6
{[%clk 0:01:52]} 17. Be3 {[%clk 0:02:11]} h6 {[%clk 0:01:40]} 18. a5
{[%clk 0:02:00]} Nh7 {[%clk 0:01:36]} 19. f4 {[%clk 0:01:55]} f5 {[%clk 0:01:32]}
20. exf5 {[%clk 0:01:48]} Bxf5 {[%clk 0:01:28]} 21. Bxf5 {[%clk 0:01:39]} Rxf5
{[%clk 0:01:19]} 22. fxe5 {[%clk 0:01:34]} Rxf1+ {[%clk 0:01:17]} 23. Qxf1
{[%clk 0:01:31]} Nxe5 {[%clk 0:01:16]} 24. Nd4 {[%clk 0:01:18]} Rf8
{[%clk 0:01:16]} 25. Qe2 {[%clk 0:01:19]} Nf6 {[%clk 0:01:12]} 26. Nxe7+
{[%clk 0:01:12]} Qxe7 {[%clk 0:01:12]} 27. Nf5 {[%clk 0:01:13]} Qe6
{[%clk 0:01:10]} 28. Nd4 {[%clk 0:00:46]} Qxc4 {[%clk 0:01:09]} 29. Qxc4+
{[%clk 0:00:39]} Nxc4 {[%clk 0:01:10]} 30. Bc1 {[%clk 0:00:34]} Nd5
{[%clk 0:00:59]} 31. b3 {[%clk 0:00:35]} Ne5 {[%clk 0:01:00]} 32. Bd2
{[%clk 0:00:34]} Nf4 {[%clk 0:00:57]} 33. Rc1 {[%clk 0:00:32]} Nfd3
{[%clk 0:00:51]} 34. Rc7 {[%clk 0:00:30]} Nc5 {[%clk 0:00:49]} 35. b4
{[%clk 0:00:30]} Ne4 {[%clk 0:00:48]} 36. Be3 {[%clk 0:00:31]} Rf7
{[%clk 0:00:38]} 37. Rc8+ {[%clk 0:00:31]} Kh7 {[%clk 0:00:39]} 38. Rb8
{[%clk 0:00:31]} Nd3 39. Nf3 {[%clk 0:00:22]} Nxb4 {[%clk 0:00:32]} 40. Bb6
{[%clk 0:00:23]} Nc6 {[%clk 0:00:31]} 41. Rc8 {[%clk 0:00:22]} Ng5
{[%clk 0:00:28]} 42. Nxg5+ {[%clk 0:00:20]} hxg5 {[%clk 0:00:29]} 0-1

[Event "D14blitz"]
[Site "?"]
[Date "2020.08.27"]
[Round "8.4"]
[White "Starosta, Martyna"]
[Black "Palejko, Maria"]
[Result "1-0"]
[BlackElo "1230"]
[WhiteElo "1722"]
[LiveChessVersion "1.4.4"]

1. e4 {[%clk 0:03:02]} e5 {[%clk 0:03:04]} 2. Nf3 {[%clk 0:03:03]} Nf6
{[%clk 0:03:05]} 3. Nxe5 d6 4. Nf3 {[%clk 0:03:05]} Nxe4 {[%clk 0:03:08]} 5. Nc3
{[%clk 0:03:06]} Nxc3 {[%clk 0:03:09]} 6. dxc3 {[%clk 0:03:07]} Be7
{[%clk 0:03:10]} 7. Bd3 {[%clk 0:03:06]} O-O {[%clk 0:03:10]} 8. Be3
{[%clk 0:03:06]} Nc6 {[%clk 0:03:10]} 9. Qd2 {[%clk 0:03:07]} Be6
{[%clk 0:03:11]} 10. O-O-O {[%clk 0:02:57]} a5 {[%clk 0:03:08]} 11. Kb1
{[%clk 0:02:57]} a4 {[%clk 0:03:09]} 12. h4 {[%clk 0:02:42]} a3 {[%clk 0:03:05]}
13. b3 {[%clk 0:02:43]} Bf6 {[%clk 0:02:58]} 14. Ng5 {[%clk 0:02:34]} Bxg5
{[%clk 0:02:34]} 15. hxg5 {[%clk 0:02:35]} g6 {[%clk 0:02:31]} 16. f3
{[%clk 0:02:26]} f5 {[%clk 0:02:14]} 17. gxf6 {[%clk 0:02:17]} Qxf6
{[%clk 0:02:14]} 18. Be4 {[%clk 0:02:07]} Ne5 {[%clk 0:02:03]} 19. Bd4
{[%clk 0:01:56]} Rfb8 {[%clk 0:01:53]} 20. f4 {[%clk 0:01:46]} c6
{[%clk 0:01:32]} 21. fxe5 {[%clk 0:01:44]} dxe5 {[%clk 0:01:33]} 22. Be3
{[%clk 0:01:28]} Rd8 {[%clk 0:01:27]} 23. Qf2 {[%clk 0:01:21]} Qg7
{[%clk 0:01:15]} 24. Qh4 {[%clk 0:01:14]} Re8 {[%clk 0:00:53]} 25. Bh6
{[%clk 0:01:09]} Qf7 {[%clk 0:00:30]} 26. Rhf1 {[%clk 0:01:09]} Qc7
{[%clk 0:00:24]} 27. Qf6 {[%clk 0:01:02]} Qf7 {[%clk 0:00:19]} 28. Qxf7+
{[%clk 0:00:53]} Bxf7 {[%clk 0:00:20]} 29. Rd7 {[%clk 0:00:54]} Be6
{[%clk 0:00:12]} 30. Rxb7 {[%clk 0:00:51]} Rac8 {[%clk 0:00:07]} 31. Ra7
{[%clk 0:00:49]} Bd5 {[%clk 0:00:07]} 32. Bxd5+ {[%clk 0:00:48]} cxd5
{[%clk 0:00:08]} 33. Rff7 {[%clk 0:00:42]} Red8 {[%clk 0:00:06]} 34. Rg7+
{[%clk 0:00:40]} Kf8 {[%clk 0:00:07]} 35. Rxh7+ {[%clk 0:00:40]} Ke8
{[%clk 0:00:09]} 36. Rh8# {[%clk 0:00:41]} 1-0

[Event "D14blitz"]
[Site "?"]
[Date "2020.08.27"]
[Round "8.5"]
[White "Giemza, Julia"]
[Black "Zabrzanska, Weronika"]
[Result "1-0"]
[BlackElo "1634"]
[WhiteElo "1284"]
[LiveChessVersion "1.4.4"]

1. e4 e5 2. Nc3 Nf6 3. g3 d5 4. Bg2 c6 5. d3 Bb4 6. Bd2 O-O 7. h3 Na6 8. Nge2 Re8
9. O-O h6 10. a3 Ba5 11. Kh2 Bb6 12. f4 exf4 13. Nxf4 dxe4 14. Nxe4 Nxe4 15. Bxe4
Nc5 16. Bg2 Ne6 17. Bc3 Bd4 18. Bxd4 Qxd4 19. c3 Qd6 20. d4 Nxf4 21. Rxf4 Be6 22.
Qc2 Bc4 23. Rf2 Re7 24. Bf1 Bd5 25. Bg2 Bc4 26. Bf1 Be6 27. Bd3 Rae8 28. Raf1 Qd5
29. Be4 Qh5 30. Bg2 Qb5 31. Qe2 Bc4 32. Qf3 Bxf1 33. Rxf1 Qe2 34. Rf2 Qxf3 35.
Bxf3 Re3 36. Kg2 f6 37. g4 Kf8 38. h4 Re1 39. g5 hxg5 40. hxg5 Ke7 41. gxf6+ gxf6
42. Kg3 Rg8+ 43. Kf4 Rb1 44. Re2+ Kd6 45. Bg4 Rf8 46. Re6+ Kc7 47. Re7+ Kb6 48.
Re2 Rf1+ 49. Kg3 f5 50. Bf3 f4+ 51. Kg2 Rc1 52. Kf2 c5 53. d5 Kc7 54. Re7+ Kd6
55. Re6+ Kd7 56. Bg4 Kc7 57. Bf3 b6 58. d6+ Kd7 59. Rg6 Rf7 60. Bg4+ Ke8 61. Rg8+
Rf8 62. Bh5+ Kd7 63. Rxf8 Kxd6 64. Rxf4 Rc2+ 65. Ke3 Rxb2 66. Rf7 Rb3 67. Kd3
Rxa3 68. Bf3 Ra1 69. Rf5 a5 70. Rd5+ Kc7 71. Rg5 Rb1 72. Rg7+ Kd6 73. Rg6+ Ke5
74. Rg4 b5 75. Rg5+ Kd6 76. Rd5+ Kc7 77. Rxc5+ Kb6 78. Rc6+ Ka7 79. Kd4 Rc1 80.
Rc5 Ka6 81. Be2 Rb1 82. Rc6+ Kb7 83. Rc5 Kb6 84. Rd5 a4 85. Bd3 a3 86. Bxb1 1-0

[Event "D14blitz"]
[Site "?"]
[Date "2020.08.27"]
[Round "8.6"]
[White "Lajdamik, Anna"]
[Black "Mroz, Lena"]
[Result "1-0"]
[BlackElo "1609"]
[WhiteElo "1333"]
[LiveChessVersion "1.4.4"]

1. e4 c5 2. Nf3 Nc6 3. d4 cxd4 4. Nxd4 Qb6 5. Nxc6 bxc6 6. Nc3 d6 7. Bc4 Nf6 8.
O-O e6 9. a4 a5 10. Kh1 Be7 11. f4 Qc7 12. Qe1 O-O 13. e5 Nd5 14. Nxd5 cxd5 15.
Bd3 Ba6 16. Bxa6 Rxa6 17. exd6 Bxd6 18. Qe2 Rc6 19. c3 Rc4 20. Qf2 Qc6 21. Be3
Rxa4 22. Rxa4 Qxa4 23. h3 Rb8 24. f5 e5 25. f6 Qd7 26. Qg3 e4 27. Qxg7# 1-0

[Event "D14blitz"]
[Site "?"]
[Date "2020.08.27"]
[Round "8.7"]
[White "Pawicka, Magdalena"]
[Black "Skolska, Emilia"]
[Result "1-0"]
[BlackElo "1355"]
[WhiteElo "1597"]
[LiveChessVersion "1.4.4"]

1. e4 {[%clk 0:03:03]} e5 {[%clk 0:03:04]} 2. Nf3 {[%clk 0:03:04]} Nc6
{[%clk 0:03:05]} 3. d4 {[%clk 0:03:04]} exd4 4. Nxd4 Bc5 {[%clk 0:03:07]} 5. Nb3
{[%clk 0:03:06]} Bb6 {[%clk 0:03:08]} 6. Qe2 {[%clk 0:03:06]} Qf6
{[%clk 0:03:08]} 7. Nc3 {[%clk 0:03:06]} Nge7 {[%clk 0:03:05]} 8. Be3
{[%clk 0:03:06]} d6 {[%clk 0:03:05]} 9. O-O-O {[%clk 0:03:03]} O-O
{[%clk 0:02:54]} 10. Qd2 {[%clk 0:02:18]} h6 {[%clk 0:02:52]} 11. Bc4
{[%clk 0:02:14]} Ne5 {[%clk 0:02:49]} 12. Be2 {[%clk 0:02:13]} Re8
{[%clk 0:02:16]} 13. f4 {[%clk 0:02:06]} Ng4 {[%clk 0:01:58]} 14. Bxb6
{[%clk 0:01:57]} axb6 {[%clk 0:01:59]} 15. Rdf1 {[%clk 0:01:40]} Qh4
{[%clk 0:01:16]} 16. h3 {[%clk 0:01:20]} Nf6 {[%clk 0:01:16]} 17. Qe3
{[%clk 0:01:06]} Nd7 {[%clk 0:01:08]} 18. g4 {[%clk 0:00:57]} Nc5 19. Bc4
{[%clk 0:00:34]} Bd7 {[%clk 0:00:28]} 20. Nd4 {[%clk 0:00:31]} Nc6
{[%clk 0:00:22]} 21. Nf5 {[%clk 0:00:32]} Qf6 {[%clk 0:00:08]} 22. Qf3
{[%clk 0:00:17]} Nd4 {[%clk 0:00:09]} 23. Nxd4 {[%clk 0:00:10]} Qxd4 24. Bb3
{[%clk 0:00:06]} Bc6 {[%clk 0:00:06]} 25. Rd1 {[%clk 0:00:03]} Qb4
{[%clk 0:00:05]} 26. Nd5 {[%clk 0:00:03]} Bxd5 {[%clk 0:00:00]} 27. Bxd5
{[%clk 0:00:03]} 1-0

[Event "D14blitz"]
[Site "?"]
[Date "2020.08.27"]
[Round "9.1"]
[White "Siekanska, Maria"]
[Black "Barwinska, Ewa"]
[Result "1/2-1/2"]
[BlackElo "1517"]
[WhiteElo "1530"]
[LiveChessVersion "1.4.4"]

1. d4 {[%clk 0:03:03]} d5 {[%clk 0:03:03]} 2. c4 {[%clk 0:03:04]} e6
{[%clk 0:03:04]} 3. Nc3 {[%clk 0:03:06]} Nf6 {[%clk 0:03:06]} 4. cxd5
{[%clk 0:03:07]} exd5 {[%clk 0:03:07]} 5. Bg5 {[%clk 0:03:07]} Nbd7
{[%clk 0:03:08]} 6. e3 {[%clk 0:03:07]} c6 {[%clk 0:03:07]} 7. Bd3
{[%clk 0:03:07]} Be7 {[%clk 0:03:07]} 8. Qc2 {[%clk 0:03:05]} Nh5
{[%clk 0:03:07]} 9. Bxe7 {[%clk 0:03:02]} Qxe7 {[%clk 0:03:08]} 10. Nge2
{[%clk 0:03:02]} g6 {[%clk 0:03:06]} 11. O-O {[%clk 0:03:00]} O-O
{[%clk 0:03:04]} 12. Rab1 {[%clk 0:02:57]} Ng7 {[%clk 0:03:03]} 13. b4
{[%clk 0:02:55]} a6 {[%clk 0:03:03]} 14. a4 {[%clk 0:02:53]} Nf6 {[%clk 0:03:03]}
15. Qb3 {[%clk 0:02:27]} Bf5 {[%clk 0:02:59]} 16. Bxf5 {[%clk 0:02:27]} Nxf5
{[%clk 0:03:00]} 17. b5 {[%clk 0:02:28]} axb5 {[%clk 0:03:00]} 18. axb5
{[%clk 0:02:28]} Ne4 {[%clk 0:02:48]} 19. Nxe4 {[%clk 0:02:18]} Qxe4
{[%clk 0:02:48]} 20. bxc6 {[%clk 0:02:19]} bxc6 {[%clk 0:02:48]} 21. Rfc1
{[%clk 0:02:01]} Qe6 {[%clk 0:02:16]} 22. Nf4 {[%clk 0:01:49]} Qd6
{[%clk 0:02:11]} 23. Rc3 {[%clk 0:01:47]} Rfb8 {[%clk 0:02:04]} 24. Qc2
{[%clk 0:01:45]} Rxb1+ {[%clk 0:02:03]} 25. Qxb1 {[%clk 0:01:46]} Nxd4
{[%clk 0:01:57]} 26. g3 {[%clk 0:01:03]} Nb5 {[%clk 0:01:57]} 27. Rd3
{[%clk 0:01:01]} Qe5 {[%clk 0:01:45]} 28. Qb3 {[%clk 0:00:49]} Ra1+
{[%clk 0:01:30]} 29. Kg2 {[%clk 0:00:50]} Qe4+ {[%clk 0:01:24]} 30. f3
{[%clk 0:00:37]} Qa4 {[%clk 0:01:07]} 31. Kh3 {[%clk 0:00:25]} Qxb3
{[%clk 0:00:46]} 32. Rxb3 {[%clk 0:00:26]} Ra3 {[%clk 0:00:42]} 33. Rxa3
{[%clk 0:00:25]} Nxa3 {[%clk 0:00:43]} 34. Nd3 {[%clk 0:00:26]} Nc4
{[%clk 0:00:43]} 35. e4 {[%clk 0:00:25]} Nd2 {[%clk 0:00:36]} 36. exd5
{[%clk 0:00:27]} cxd5 {[%clk 0:00:37]} 37. Kg2 {[%clk 0:00:27]} f6
{[%clk 0:00:36]} 38. Kf2 {[%clk 0:00:26]} Kf7 {[%clk 0:00:37]} 39. h4
{[%clk 0:00:24]} Nc4 {[%clk 0:00:37]} 40. Ke2 {[%clk 0:00:21]} h6
{[%clk 0:00:34]} 41. Nf4 {[%clk 0:00:21]} Nb6 {[%clk 0:00:29]} 42. Kd3
{[%clk 0:00:22]} g5 {[%clk 0:00:29]} 43. hxg5 {[%clk 0:00:23]} hxg5
{[%clk 0:00:29]} 44. Ne2 {[%clk 0:00:24]} f5 {[%clk 0:00:23]} 45. Nd4
{[%clk 0:00:23]} Kf6 {[%clk 0:00:22]} 46. g4 {[%clk 0:00:17]} fxg4
{[%clk 0:00:20]} 47. fxg4 {[%clk 0:00:19]} Nd7 {[%clk 0:00:21]} 48. Ne2
{[%clk 0:00:07]} Ne5+ {[%clk 0:00:22]} 49. Kd4 {[%clk 0:00:09]} Ke6 50. Nc3 Nxg4
{[%clk 0:00:17]} 51. Nxd5 {[%clk 0:00:12]} Nf2 {[%clk 0:00:14]} 52. Ne3
{[%clk 0:00:12]} g4 {[%clk 0:00:13]} 53. Nxg4 {[%clk 0:00:13]} Nxg4
{[%clk 0:00:14]} 54. Ke4 Ke5+ 1/2-1/2

[Event "D14blitz"]
[Site "?"]
[Date "2020.08.27"]
[Round "9.2"]
[White "Rejniak, Zuzanna"]
[Black "Starosta, Martyna"]
[Result "0-1"]
[BlackElo "1722"]
[WhiteElo "1587"]
[LiveChessVersion "1.4.4"]

1. e4 {[%clk 0:03:04]} e5 {[%clk 0:03:03]} 2. Nf3 {[%clk 0:03:05]} Nc6
{[%clk 0:03:05]} 3. Bc4 {[%clk 0:03:06]} Nf6 {[%clk 0:03:06]} 4. d3
{[%clk 0:03:07]} Be7 {[%clk 0:03:07]} 5. O-O {[%clk 0:03:06]} O-O
{[%clk 0:03:08]} 6. h3 {[%clk 0:03:03]} d5 {[%clk 0:02:56]} 7. exd5
{[%clk 0:03:04]} Nxd5 {[%clk 0:02:57]} 8. Re1 {[%clk 0:03:03]} Nb6
{[%clk 0:02:57]} 9. Bb3 {[%clk 0:03:02]} Bd6 {[%clk 0:02:56]} 10. Nc3
{[%clk 0:02:59]} Kh8 {[%clk 0:02:56]} 11. Ne4 {[%clk 0:02:59]} f5
{[%clk 0:02:50]} 12. Nxd6 {[%clk 0:03:00]} cxd6 {[%clk 0:02:50]} 13. a4
{[%clk 0:02:32]} a5 {[%clk 0:02:50]} 14. Ng5 {[%clk 0:02:18]} Qe8
{[%clk 0:02:11]} 15. Be3 {[%clk 0:01:31]} Ra6 {[%clk 0:01:49]} 16. f4
{[%clk 0:00:29]} Qg6 {[%clk 0:01:47]} 17. fxe5 {[%clk 0:00:18]} Nxe5
{[%clk 0:01:35]} 18. Nf3 {[%clk 0:00:15]} Nbd7 {[%clk 0:01:29]} 19. Bf4
{[%clk 0:00:11]} Qf6 {[%clk 0:00:59]} 20. d4 {[%clk 0:00:11]} Nxf3+
{[%clk 0:00:59]} 21. Qxf3 {[%clk 0:00:12]} Qxd4+ {[%clk 0:00:59]} 22. Kh1
{[%clk 0:00:09]} Ne5 {[%clk 0:01:53]} 23. Rad1 {[%clk 0:00:10]} Nxf3
{[%clk 0:01:54]} 24. Rxd4 {[%clk 0:00:11]} Nxd4 {[%clk 0:01:55]} 25. Bxd6
{[%clk 0:00:11]} Rxd6 {[%clk 0:01:47]} 26. Bc4 {[%clk 0:00:12]} Nxc2
{[%clk 0:01:47]} 27. Rc1 {[%clk 0:00:11]} Ne3 {[%clk 0:01:47]} 28. Bb5
{[%clk 0:00:12]} Rd1+ {[%clk 0:01:47]} 0-1

[Event "D14blitz"]
[Site "?"]
[Date "2020.08.27"]
[Round "9.3"]
[White "Janikowska, Wiktoria"]
[Black "Lajdamik, Anna"]
[Result "1-0"]
[BlackElo "1333"]
[WhiteElo "1314"]
[LiveChessVersion "1.4.4"]

1. e4 {[%clk 0:03:03]} c6 {[%clk 0:03:03]} 2. d4 {[%clk 0:03:04]} d5
{[%clk 0:03:05]} 3. Nc3 {[%clk 0:03:03]} dxe4 {[%clk 0:03:05]} 4. Nxe4
{[%clk 0:03:04]} Nf6 {[%clk 0:03:06]} 5. Nxf6+ {[%clk 0:02:59]} gxf6
{[%clk 0:03:06]} 6. Nf3 {[%clk 0:02:59]} Bg4 {[%clk 0:03:06]} 7. c3
{[%clk 0:02:58]} Qd5 {[%clk 0:03:00]} 8. Be2 {[%clk 0:02:58]} e6 {[%clk 0:02:58]}
9. Bf4 {[%clk 0:02:50]} Nd7 {[%clk 0:02:51]} 10. Bg3 {[%clk 0:02:51]} O-O-O
{[%clk 0:02:47]} 11. c4 {[%clk 0:02:48]} Qh5 {[%clk 0:02:19]} 12. h3
{[%clk 0:02:42]} Bf5 {[%clk 0:02:11]} 13. a3 {[%clk 0:02:37]} Qg6
{[%clk 0:02:05]} 14. Nh4 {[%clk 0:02:35]} Qg5 {[%clk 0:01:55]} 15. Nxf5
{[%clk 0:02:33]} Qxf5 {[%clk 0:01:55]} 16. Qa4 {[%clk 0:02:25]} e5
{[%clk 0:01:32]} 17. Qxa7 {[%clk 0:02:17]} h5 {[%clk 0:01:19]} 18. d5
{[%clk 0:02:12]} c5 {[%clk 0:00:56]} 19. a4 {[%clk 0:02:02]} h4 {[%clk 0:00:54]}
20. Bh2 {[%clk 0:02:00]} Rg8 {[%clk 0:00:50]} 21. g3 {[%clk 0:01:56]} Qe4
{[%clk 0:00:35]} 22. f3 {[%clk 0:01:47]} Qd4 {[%clk 0:00:31]} 23. g4
{[%clk 0:01:29]} Bh6 {[%clk 0:00:23]} 24. Rd1 {[%clk 0:01:29]} Qxb2
{[%clk 0:00:20]} 25. Kf2 {[%clk 0:01:25]} Nb8 {[%clk 0:00:09]} 26. Qxc5+
{[%clk 0:01:24]} Nc6 {[%clk 0:00:08]} 27. dxc6 {[%clk 0:01:18]} bxc6
{[%clk 0:00:06]} 28. Qxc6+ {[%clk 0:01:18]} Kb8 {[%clk 0:00:07]} 29. Rb1
{[%clk 0:01:17]} Qxb1 {[%clk 0:00:04]} 30. Rxb1+ {[%clk 0:01:17]} Ka7
{[%clk 0:00:05]} 31. Qb7# {[%clk 0:01:18]} 1-0

[Event "D14blitz"]
[Site "?"]
[Date "2020.08.27"]
[Round "9.4"]
[White "Tokarz, Izabela"]
[Black "Giemza, Julia"]
[Result "0-1"]
[BlackElo "1284"]
[WhiteElo "1504"]
[LiveChessVersion "1.4.4"]

1. d4 {[%clk 0:03:04]} Nf6 {[%clk 0:03:03]} 2. c4 {[%clk 0:03:05]} g6
{[%clk 0:03:04]} 3. Nc3 {[%clk 0:03:06]} Bg7 {[%clk 0:03:05]} 4. e4
{[%clk 0:03:07]} d6 {[%clk 0:03:03]} 5. Nf3 {[%clk 0:03:08]} O-O {[%clk 0:03:02]}
6. Be2 {[%clk 0:03:09]} e5 {[%clk 0:03:00]} 7. d5 {[%clk 0:03:10]} a5
{[%clk 0:03:01]} 8. O-O {[%clk 0:03:07]} Na6 {[%clk 0:03:01]} 9. h3
{[%clk 0:03:06]} Nc5 {[%clk 0:02:54]} 10. Qc2 {[%clk 0:03:06]} Nfd7
{[%clk 0:02:52]} 11. Be3 {[%clk 0:02:53]} f5 {[%clk 0:02:49]} 12. exf5
{[%clk 0:02:47]} gxf5 {[%clk 0:02:49]} 13. Ng5 {[%clk 0:02:40]} h6
{[%clk 0:02:42]} 14. Nf3 {[%clk 0:02:09]} Qf6 {[%clk 0:02:21]} 15. a3
{[%clk 0:02:06]} f4 {[%clk 0:02:09]} 16. Bxc5 {[%clk 0:02:05]} Nxc5
{[%clk 0:02:04]} 17. b4 {[%clk 0:02:06]} axb4 {[%clk 0:02:01]} 18. axb4
{[%clk 0:02:06]} Rxa1 {[%clk 0:02:01]} 19. Rxa1 {[%clk 0:02:07]} Bf5
{[%clk 0:01:50]} 20. Qb2 {[%clk 0:01:56]} Nd7 {[%clk 0:01:43]} 21. Nd2
{[%clk 0:01:47]} e4 {[%clk 0:01:38]} 22. Rc1 {[%clk 0:01:46]} Ne5
{[%clk 0:01:34]} 23. Qb1 {[%clk 0:01:29]} e3 {[%clk 0:01:27]} 24. Nde4
{[%clk 0:01:30]} Qg6 {[%clk 0:01:25]} 25. f3 {[%clk 0:01:29]} Bxh3
{[%clk 0:01:21]} 26. Bf1 {[%clk 0:01:05]} Bf5 {[%clk 0:01:14]} 27. c5
{[%clk 0:00:54]} Nxf3+ {[%clk 0:01:11]} 0-1

[Event "D14blitz"]
[Site "?"]
[Date "2020.08.27"]
[Round "9.5"]
[White "Obrochta, Lena"]
[Black "Pawicka, Magdalena"]
[Result "1/2-1/2"]
[BlackElo "1597"]
[WhiteElo "1517"]
[LiveChessVersion "1.4.4"]

1. e4 e5 2. Nc3 Nf6 3. Bc4 Nxe4 4. Nxe4 d5 5. Bxd5 Qxd5 6. Qf3 Be6 7. Nc3 Qxf3 8.
Nxf3 Nc6 9. d3 O-O-O 10. Be3 f6 11. O-O-O Bg4 12. h3 Bxf3 13. gxf3 Nd4 14. f4 Bd6
15. fxe5 fxe5 16. Bxd4 exd4 17. Ne4 Bf4+ 18. Kb1 Rhf8 19. Rhg1 g6 20. Rg4 Rf5 21.
h4 Rdf8 22. Rdg1 Be5 23. Kc1 Rf4 24. Kd1 Kd7 25. Ke2 Rxg4 26. Rxg4 b6 27. Ng5 h6
28. Ne4 Rg8 29. f4 Bh8 30. h5 Ke6 31. hxg6 Kf5 32. Kf3 Rxg6 33. Rxg6 Kxg6 34. Kg4
h5+ 35. Kf3 Kf5 36. Ng3+ Kg6 37. Ne2 Bf6 38. c3 dxc3 39. bxc3 Kf5 40. Ng3+ Kg6
41. Ne4 Bg7 42. d4 Bf8 43. c4 Bg7 44. d5 Bf8 45. a4 Be7 46. Nc3 Kf5 47. Nb5 Bd6
48. Nd4+ Kf6 49. Ne6 Kf5 1/2-1/2

[Event "D14blitz"]
[Site "?"]
[Date "2020.08.27"]
[Round "9.6"]
[White "Bukala, Weronika"]
[Black "Grzesik, Nikola"]
[Result "1/2-1/2"]
[BlackElo "1223"]
[WhiteElo "1251"]
[LiveChessVersion "1.4.4"]

1. d4 d5 2. c4 e6 3. Nc3 Nf6 4. Bg5 Be7 5. e3 O-O 6. cxd5 exd5 7. Bd3 h6 8. Bh4
b6 9. Qf3 c6 10. Nge2 Bg4 11. Qg3 Qd7 12. Bxf6 Bxf6 13. Nf4 Bg5 14. Nce2 Bxe2 15.
Nxe2 Be7 16. O-O Bd6 17. Qf3 Qe6 18. a3 Nd7 19. b4 Nf6 20. Rfc1 Be7 21. Rc2 Ne4
22. Nf4 Qd7 23. Bxe4 dxe4 24. Qxe4 Rac8 25. Rac1 f5 26. Qe6+ Qxe6 27. Nxe6 Rf6
28. d5 c5 29. Rd1 Bd6 30. h3 Kh7 31. Rc3 Rf7 32. f3 a6 33. e4 fxe4 34. fxe4 Be5
35. Rc2 Bd6 36. Re1 Be5 37. Rd1 Rd7 38. Kf2 Kg6 39. Ke2 Kf6 40. Rf1+ Kg6 41. Nf8+
Rxf8 42. Rxf8 Bd4 43. Rf3 Rd6 44. Kd3 Rd8 45. Ke2 Rd6 46. Rc1 Rd8 47. Rd1 Rd6 48.
Kf1 Rd8 49. Rd2 Rd6 50. Re2 Be5 51. Rd3 Kf6 52. Rf3+ Kg6 53. Rf5 Bd4 54. e5 Rxd5
55. Rf3 Bxe5 56. Rfe3 Bd4 57. Rd3 Kf5 58. bxc5 bxc5 59. Re7 Kf6 60. Rc7 Rd6 61.
Rd1 g5 62. Ke2 Kg6 63. Kf3 Kf6 64. Kg4 Kg6 65. Rc8 h5+ 66. Kf3 Rf6+ 67. Ke4 Rf2
68. Kd5 Rxg2 69. Rc6+ 1/2-1/2

[Event "D14blitz"]
[Site "?"]
[Date "2020.08.27"]
[Round "9.7"]
[White "Zabrzanska, Weronika"]
[Black "Kucharska, Helena"]
[Result "1-0"]
[BlackElo "1421"]
[WhiteElo "1634"]
[LiveChessVersion "1.4.4"]

1. e4 {[%clk 0:03:04]} e6 {[%clk 0:03:03]} 2. d4 {[%clk 0:03:04]} d5
{[%clk 0:03:05]} 3. exd5 {[%clk 0:03:05]} exd5 {[%clk 0:03:06]} 4. Nf3
{[%clk 0:03:07]} Bg4 {[%clk 0:03:06]} 5. Bd3 {[%clk 0:03:08]} Nc6
{[%clk 0:03:03]} 6. c3 {[%clk 0:03:09]} Bd6 {[%clk 0:03:01]} 7. O-O
{[%clk 0:03:09]} Nge7 {[%clk 0:03:01]} 8. Re1 {[%clk 0:03:02]} Qd7
{[%clk 0:02:58]} 9. b4 {[%clk 0:03:02]} O-O {[%clk 0:02:44]} 10. h3
{[%clk 0:02:59]} Bf5 {[%clk 0:02:43]} 11. a4 {[%clk 0:02:42]} Bxd3
{[%clk 0:02:24]} 12. Qxd3 {[%clk 0:02:43]} a6 {[%clk 0:02:14]} 13. Nbd2
{[%clk 0:02:39]} Rfe8 {[%clk 0:02:08]} 14. Nf1 {[%clk 0:02:39]} Qf5
{[%clk 0:02:02]} 15. Qxf5 {[%clk 0:02:00]} Nxf5 {[%clk 0:02:03]} 16. Ne3
{[%clk 0:02:00]} Nxe3 {[%clk 0:02:00]} 17. Bxe3 {[%clk 0:02:01]} f6
{[%clk 0:01:43]} 18. Nh4 {[%clk 0:01:51]} Ne7 {[%clk 0:01:39]} 19. g3
{[%clk 0:01:44]} g5 {[%clk 0:01:38]} 20. Ng2 {[%clk 0:01:35]} Nf5
{[%clk 0:01:30]} 21. Bd2 {[%clk 0:01:36]} Kf7 {[%clk 0:01:26]} 22. Kh2
{[%clk 0:01:29]} h6 {[%clk 0:01:18]} 23. f4 {[%clk 0:01:26]} Kg6 {[%clk 0:01:12]}
24. Rxe8 {[%clk 0:01:06]} Rxe8 {[%clk 0:01:13]} 25. Re1 {[%clk 0:01:08]} Rxe1
{[%clk 0:00:53]} 26. Nxe1 {[%clk 0:00:54]} b6 {[%clk 0:00:52]} 27. Nd3
{[%clk 0:00:55]} h5 {[%clk 0:00:36]} 28. Kg2 {[%clk 0:00:56]} h4 {[%clk 0:00:36]}
29. g4 {[%clk 0:00:42]} Ng3 {[%clk 0:00:36]} 30. f5+ {[%clk 0:00:10]} Kf7
{[%clk 0:00:37]} 31. Nf2 {[%clk 0:00:06]} c5 {[%clk 0:00:34]} 32. bxc5
{[%clk 0:00:05]} bxc5 {[%clk 0:00:35]} 33. dxc5 {[%clk 0:00:05]} Bxc5
{[%clk 0:00:36]} 34. Nd3 {[%clk 0:00:05]} Bd6 {[%clk 0:00:34]} 35. Nb4
{[%clk 0:00:06]} Ne4 {[%clk 0:00:31]} 36. Be1 {[%clk 0:00:07]} Bxb4
{[%clk 0:00:22]} 37. cxb4 {[%clk 0:00:08]} Ke7 {[%clk 0:00:23]} 38. Kf3
{[%clk 0:00:09]} Kd6 {[%clk 0:00:24]} 39. Ke3 {[%clk 0:00:04]} Kc6
{[%clk 0:00:24]} 40. Kd4 {[%clk 0:00:05]} Nd6 {[%clk 0:00:23]} 41. Bc3
{[%clk 0:00:05]} Ne4 {[%clk 0:00:22]} 42. Be1 {[%clk 0:00:06]} Nd6
{[%clk 0:00:23]} 43. Kd3 {[%clk 0:00:07]} Ne4 {[%clk 0:00:22]} 44. Kd4
{[%clk 0:00:08]} Nd6 {[%clk 0:00:23]} 45. Ke3 {[%clk 0:00:09]} Nc4+
{[%clk 0:00:22]} 46. Kd4 {[%clk 0:00:09]} Nb2 {[%clk 0:00:22]} 47. a5
{[%clk 0:00:07]} Nc4 {[%clk 0:00:22]} 48. Bc3 {[%clk 0:00:08]} Nd6
{[%clk 0:00:21]} 49. Kd3 {[%clk 0:00:07]} Nb5 {[%clk 0:00:22]} 50. Bxf6
{[%clk 0:00:07]} d4 {[%clk 0:00:20]} 51. Bxd4 {[%clk 0:00:08]} Nxd4
{[%clk 0:00:21]} 52. Kxd4 {[%clk 0:00:09]} Kd6 {[%clk 0:00:22]} 53. Kc4
{[%clk 0:00:09]} Kc6 {[%clk 0:00:24]} 54. f6 {[%clk 0:00:10]} 1-0